[Event "Centrocoop op"]
[Site "Eforie Nord"]
[Date "1997.??.??"]
[Round "?"]
[White "Marinescu, Roberto"]
[Black "Rusu, Eduard"]
[Result "0-1"]
[WhiteElo "2085"]
[BlackElo "1705"]
[PlyCount "90"]
[EventDate "1997.??.??"]
[EventType "swiss"]
[EventRounds "11"]
[EventCountry "ROU"]
[SourceTitle "EXT 2010"]
[Source "ChessBase"]
[SourceDate "2010.11.25"]
[SourceVersion "1"]
[SourceVersionDate "2010.11.25"]
[SourceQuality "1"]

1. e4 e5 2. Nf3 Nc6 3. Bb5 a6 4. Ba4 Nf6 5. 0-0 b5 6. Bb3 Bc5 7. Nxe5 Nxe5 8. d4 Bxd4 9. Qxd4 d6 10. Bd5 c5 11. Qd2 Nxd5 12. exd5 0-0 13. b3 Qf6 14. c3 Qg6 15. f4 Nd3 16. Na3 Re8 17. Nc2 Qe4 18. Rf3 Bf5 19. Ne3 Nxc1 20. Rxc1 Bg6 21. Nf1 Qe2 22. Qxe2 Rxe2 23. Ng3 Rc2 24. Rxc2 Bxc2 25. Re3 Kf8 26. Kf2 Re8 27. b4 Bb1 28. a3 g6 29. Rxe8+ Kxe8 30. Ke3 f5 31. Nf1 Ba2 32. Nd2 Bxd5 33. g3 Kd7 34. h3 Kc6 35. g4 fxg4 36. hxg4 Kd7 37. Nf1 h6 38. Ng3 Ke7 39. f5 g5 40. Nh5 Bb3 41. Ke2 Bf7 42. Ng3 Bd5 43. Ke3 Kf6 44. Ne4+ Bxe4 45. Kxe4 c4 0-1